• 首页
  • 本馆介绍
  • 公告通知
  • 最新文献
  • 馆藏检索
  • 电子资源
  • 读者导购
  • 参考咨询
  • 我的图书馆
  • 登录
  • 详细信息显示
  • 放入我的书架
  • 预约/预借图书
  • 作者相关作品
  • 分类相关作品
  • 丛书相关作品
  • 出版社相关作品

书目信息

  • 表格格式
  • 工作单格式
  • 卡片格式
书名: Clearing away clouds
作者: Stephen Fabian.
分册号:
分册名:
出版地: New York :
 
出版社: Weatherhill
出版时间: 1999.
页数: 159 p. ;
开本: 23 cm.
丛书名:
中图分类号:
科图分类号:
其他分类号: G241.3
主题词:
电子资源:
000 00809cam a2200265 a 450
001 E0752909546
005 20070710144925.51
008 990407s1999 nyu b 000 0 eng
010    @a99027532
020    @a0834804689 (pbk.).
035    @A(DLC) 99027532
040    @aDLC@cDLC@dDLC
050 00 @aGV1102.7.P75@bF33 1999
082 00 @a796.8@2 21
090    @aG241.3
099    @dG241.3@ex61
100 1  @aFabian, Stephen.
245 10 @aClearing away clouds :@bnine lessons for life from the martial arts / @cStephen Fabian.
250    @a1st ed.
260    @aNew York :@bWeatherhill,@c1999.
300    @a159 p. ;@c23 cm.
504    @aIncludes bibliographical references (p. [155]-159).
650  0 @aMartial arts@xPhilosophy.
650  0 @aMartial arts@xPsychological aspects.
650  0 @aConduct of life.
    
    Clearing away clouds : : nine lessons for life from the martial arts / / Stephen Fabian.-1st ed.-New York : : Weatherhill, , 1999.
    159 p. ; ; 23 cm.
    Includes bibliographical references (p. [155]-159).
    
    ISBN 0834804689 (pbk.).
    
●
相关链接 在E读中查询图书 在五车中查询图书 在当当中查询图书 在豆瓣中查询图书


正题名:Clearing away clouds     索取号:G241.3/x61         预约/预借

序号 登录号 条形码 馆藏地/架位号 状态 备注
1 0011708   300117086   第二样本阅览室/ [索取号:G241.3/x61] 在馆    
唐山师范学院图书馆 欢迎您!
大连网信软件有限公司© 版权所有